Building evaluation methodology for setting maintenance priorities in hospital buildings (Record no. 73828)
[ view plain ]
| 000 -LEADER | |
|---|---|
| fixed length control field | 01362cam a2200241 4500 |
| 001 - CONTROL NUMBER | |
| control field | ABS67220 |
| 008 - FIXED-LENGTH DATA ELEMENTS--GENERAL INFORMATION | |
| fixed length control field | 031121n2003 000 0 eng u |
| 035 ## - SYSTEM CONTROL NUMBER | |
| System control number | (Sirsi) u124425 |
| 100 ## - MAIN ENTRY--PERSONAL NAME | |
| Personal name | Shohet, I. |
| 245 ## - TITLE STATEMENT | |
| Title | Building evaluation methodology for setting maintenance priorities in hospital buildings |
| 260 ## - PUBLICATION, DISTRIBUTION, ETC. | |
| Date of publication, distribution, etc. | 2003 |
| 490 ## - SERIES STATEMENT | |
| Series statement | Construction Management and Economics |
| Volume/sequential designation | 21(7) October 2003, 681-692(12) |
| 520 ## - SUMMARY, ETC. | |
| Summary, etc. | Presents the findings of research into the development of a Condition-Based Maintainance (CBM) scheme for large complex facilities. The effective implementation of CBM requires the development of performance indicators for building components and systems. The scheme involves monitoring the condition of building components, the development of parameters to ensure clear detection of failing building components and the provision of key performance indicators. Concludes that the evaluation of the condition of buildings is highly important for the success of any maintenance and rehabilitation programme. References and tables. |
| 590 ## - LOCAL NOTE (RLIN) | |
| Local note | ABS |
| 650 ## - SUBJECT ADDED ENTRY--TOPICAL TERM | |
| Topical term or geographic name entry element | CONDITION ASSESSMENT |
| 650 ## - SUBJECT ADDED ENTRY--TOPICAL TERM | |
| Topical term or geographic name entry element | PERFORMANCE INDICATORS |
| 650 ## - SUBJECT ADDED ENTRY--TOPICAL TERM | |
| Topical term or geographic name entry element | KEY PERFORMANCE INDICATORS |
| 650 ## - SUBJECT ADDED ENTRY--TOPICAL TERM | |
| Topical term or geographic name entry element | REHABILITATION |
| 650 ## - SUBJECT ADDED ENTRY--TOPICAL TERM | |
| Topical term or geographic name entry element | BUILDING COMPONENTS |
| 650 ## - SUBJECT ADDED ENTRY--TOPICAL TERM | |
| Topical term or geographic name entry element | HOSPITALS |
| 690 ## - LOCAL SUBJECT ADDED ENTRY--TOPICAL TERM (OCLC, RLIN) | |
| Topical term or geographic name as entry element | BUILDING AND CONSTRUCTION-REPAIRS AND MAINTENANCE |
| 942 ## - ADDED ENTRY ELEMENTS (KOHA) | |
| Suppress in OPAC | 0 |
| Withdrawn status | Lost status | Source of classification or shelving scheme | Damaged status | Not for loan | Home library | Current library | Shelving location | Date acquired | Total Checkouts | Full call number | Barcode | Date last seen | Copy number | Price effective from | Koha item type |
|---|---|---|---|---|---|---|---|---|---|---|---|---|---|---|---|
| Dewey Decimal Classification | London | London | Journal article | 21/11/2003 | ABS67220 | 124425-1001 | 06/08/2019 | 1 | 06/08/2019 | Journal article |